| 000 | 01459cam a2200385Ia 4500 | ||
|---|---|---|---|
| 001 | 92677 | ||
| 005 | 20230410101957.0 | ||
| 008 | 060822s2005 dr a b 001 0 spa d | ||
| 035 | _a(OCoLC)ocm71009983 | ||
| 040 |
_aTEF _cTEF _dDRB _dZWZ |
||
| 019 | _a493789411 | ||
| 020 | _a9993423971 | ||
| 020 | _a9789993423973 | ||
| 029 | 1 |
_aZWZ _b11901789X |
|
| 035 |
_a(OCoLC)71009983 _z(OCoLC)493789411 |
||
| 043 | _anwdr--- | ||
| 050 | 1 | 4 |
_a118 F 1939 _bE77h 2005 |
| 082 | 0 | 0 | _a972.9356 |
| 100 | 1 | _aEspinal Hernández, Edwin. | |
| 245 | 1 | 0 |
_aHistoria social de Santiago de los Caballeros, 1863-1900 / _cEdwin Espinal Hernández. |
| 260 |
_aSanto Domingo, República Dominicana : _bFundación Manuel de Jesús Tavares Portes, _c2005. |
||
| 300 |
_a419 p. : _bill. ; _c27 cm. |
||
| 504 | _aIncludes bibliographical references (p. [381]-393) and indexes. | ||
| 650 | 4 |
_aSantiago de los Caballeros (República Dominicana) _xHistoria local. |
|
| 650 | 4 |
_aCiudades y pueblos _zRepública Dominicana. |
|
| 650 | 4 | _aCFB | |
| 650 | 4 | _aColección Font Bernard | |
| 651 | 0 |
_aSantiago de los Caballeros (Dominican Republic) _xHistory. |
|
| 651 | 0 |
_aSantiago de los Caballeros (Dominican Republic) _xSocial conditions _xHistory. |
|
| 651 | 7 |
_aSantiago de los Caballeros (République dominicaine) _xHistoire. |
|
| 651 | 7 |
_aSantiago de los Caballeros (République dominicaine) _xConditions sociales. |
|
| 942 |
_2lcc _cbk |
||
| 946 | _aPP | ||
| 994 |
_aC0 _bDRFGD |
||
| 999 |
_c16766 _d16766 |
||